Statistics for Disney Channel Movie By Song

Click here to take the quiz!

General Stats

  • This quiz has been taken 210 times
  • The average score is 9 of 14

Answer Stats

SongMovie% Correct
Get'cha Head In The GameHigh School Musical
97%
DeterminateLemonade Mouth
92%
Bet On ItHigh School Musical 2
87%
Surf CrazyTeen Beach Movie
83%
Too CoolCamp Rock
75%
Cheetah SistersThe Cheetah Girls
74%
I Want It AllHigh School Musical 3: Senior Year
71%
HeroStarstruck
64%
Butterfly Fly AwayHannah Montana: The Movie
59%
Gotta Be MeTeen Beach 2
50%
Don't Run AwayLet It Shine
49%
Push It Too The LimitJump In
42%
Had Me @ HelloGirl vs Monster
40%
One and the SamePrincess Protection Program
34%

Score Distribution

Percentile by Number Answered

Percent of People with Each Score

Your Score History

You have not taken this quiz